00354pab a2200133 454500008004000000100002100040245003500061260000900096300001500105362001200120650002800132700001600160773004400176180718b1969 xxu||||| |||| 00| 0 eng d aThavaraj, M.J.K. aDelegation of financial powers c1969 ap.662-681. aOct-Dec aDelegation of authority aHanda, K.L. aIndian Journal of Public Administration